[Event "DFMMLV 2017"]
[Site "Braunfels"]
[Date "2017.06.17"]
[Round "4"]
[White "Heil, Marina"]
[Black "Busch, Annette"]
[Result "1/2-1/2"]
[WhiteElo "1890"]
[BlackElo "1637"]
[Annotator "NA RC"]
[PlyCount "73"]
[EventDate "2017.??.??"]
[EventType "team-tourn"]
[EventCountry "GER"]
[SourceTitle "playchess.com"]
[Source "ChessBase"]
[SourceQuality "1"]
[TimeControl "40/5400+30:1800+30"]

{[%evp 8,73,-15,-20,30,-9,-2,-19,-14,32767,-10,-17,-8,-60,-14,-91,-91,-89,-100,-80,-67,-59,-30,32767,0,32767,0,32767,0,0,4,32767,23,0,12,32767,0,32767,32767,32767,41,32767,32767,32767,32767,32767,32767,32767,0,32767,32767,32767,32767,32767,32767,32767,32767,32767,32767,32767,32767,32767,-5,-23,32767,-453,-483,-426]} 1. e4 {[%emt 0:00:00]} c5 {[%emt 0:00:11]} 2. Nc3 {[%emt 0:00:00]} e6 {[%emt 0:00:09]} 3. f4 {[%emt 0:00:26]} d5 {[%emt 0:00:10]} 4. d3 {[%emt 0:00:31]} Be7 {[%emt 0:02:52]} 5. Nf3 {[%emt 0:01:01]} dxe4 {[%emt 0:00:53]} 6. Nxe4 {[%emt 0:00:18]} Nf6 {[%emt 0:01:20]} 7. Nc3 {[%emt 0:01:40]} Nc6 {[%emt 0:02:04]} 8. g3 {[%emt 0:01:10]} O-O {[%emt 0:03:44]} 9. Bg2 {[%emt 0:00:12]} Bd7 {[%emt 0:13:36]} 10. Qe2 {[%emt 0:11:21]} (10. O-O $11) 10... Rc8 {[%emt 0:03:30]} (10... Nd4 $5 {[%cal Rd4e2]} 11. Qd2 Bc6 $15) 11. b3 {[%emt 0:04:41]} (11. Ne5 $11) 11... Nd4 {[%emt 0:07:48]} 12. Qd2 {[%emt 0:10:51]} Bc6 {[%emt 0:07:48]} 13. O-O {[%emt 0:05:04]} Nxf3+ {[%emt 0:05:44]} 14. Bxf3 {[%emt 0:00:09]} Nd5 {[%emt 0:01:41]} 15. Ne4 {[%emt 0:03:20]} Nf6 {[%emt 0:02:49]} ({Black should try} 15... f5 $17 16. Ng5 Bf6) 16. Qe2 {[%emt 0:03:49]} Nxe4 {[%emt 0:04:47]} 17. dxe4 {[%emt 0:03:32]} Qb6 {[%emt 0:02:55]} (17... c4 $5) 18. c4 {[%emt 0:02:00]} Rfd8 {[%emt 0:02:28]} 19. Bb2 {[%emt 0:15:22]} Qb4 {[%emt 0:05:54]} 20. Rf2 {[%emt 0:03:57]} Rd7 {[%emt 0:04:20]} 21. Qc2 {[%emt 0:00:37]} Rcd8 {[%emt 0:00:34]} 22. Bc3 {[%emt 0:00:44]} Qb6 {[%emt 0:00:43]} 23. Qb2 {[%emt 0:02:56]} g6 {[%emt 0:04:04]} 24. Re1 {[%emt 0:04:37]} Qc7 {[%emt 0:02:14]} 25. Bh8 {[%emt 0:07:55]} Bf8 {[%emt 0:00:52]} 26. Bc3 {[%emt 0:02:58]} b5 {[%emt 0:02:00]} 27. cxb5 {[%emt 0:01:15]} Bxb5 {[%emt 0:00:19]} 28. Rc1 {[%emt 0:00:22]} Qb6 {[%emt 0:01:32]} 29. Bf6 {[%emt 0:01:14]} Be7 {[%emt 0:00:37]} 30. Bxe7 {[%emt 0:00:25]} Rxe7 {[%emt 0:00:06]} 31. Kg2 {[%emt 0:00:30]} Red7 {[%emt 0:03:23]} 32. Rfc2 {[%emt 0:00:21]} Ba6 {[%emt 0:02:40]} 33. Qc3 {[%emt 0:01:04]} Rd3 {[%emt 0:03:38]} 34. Qe1 {[%emt 0:03:45]} Qd6 {[%emt 0:02:13]} (34... R8d4 $17) 35. e5 {[%emt 0:01:12]} Qd4 {[%emt 0:00:40]} 36. Rxc5 $2 {[%emt 0:02:13]} (36. h4 $11 {and White is okay.}) 36... Rd2+ {[%emt 0:01:07]} 37. Kh3 $19 {[%emt 0:00:26]} 1/2-1/2

[Event "DFMMLV 2017"]
[Site "Braunfels"]
[Date "2017.06.17"]
[Round "4"]
[White "Mao, Yvonne"]
[Black "Rogozenco, Teodora"]
[Result "1-0"]
[WhiteElo "1863"]
[BlackElo "2147"]
[Annotator "NA"]
[PlyCount "63"]
[EventDate "2017.??.??"]
[EventType "team-tourn"]
[EventCountry "GER"]
[SourceTitle "playchess.com"]
[Source "ChessBase"]
[SourceQuality "1"]
[TimeControl "40/5400+30:1800+30"]

1. e4 {[%emt 0:01:53]} c5 {[%emt 0:00:23]} 2. Nf3 {[%emt 0:00:32]} a6 {[%emt 0:00:04]} 3. c4 {[%emt 0:00:33]} b6 {[%emt 0:00:15]} 4. d4 {[%emt 0:02:12]} cxd4 {[%emt 0:00:05]} 5. Nxd4 {[%emt 0:00:04]} Bb7 {[%emt 0:00:06]} 6. Nc3 {[%emt 0:00:19]} g6 {[%emt 0:00:45]} 7. Be3 {[%emt 0:00:47]} Bg7 {[%emt 0:00:06]} 8. Be2 {[%emt 0:01:16]} Nc6 {[%emt 0:01:37]} 9. Qd2 {[%emt 0:01:34]} d6 {[%emt 0:08:53]} 10. O-O {[%emt 0:01:47]} Nf6 {[%emt 0:02:16]} 11. f3 {[%emt 0:00:24]} O-O {[%emt 0:00:36]} 12. Nc2 $16 {[%emt 0:01:56]} Rc8 {[%emt 0:02:10]} 13. Rac1 {[%emt 0:02:11]} Nd7 {[%emt 0:00:53]} 14. Rfd1 {[%emt 0:12:58]} Na5 {[%emt 0:02:30]} 15. b3 {[%emt 0:00:25]} b5 {[%emt 0:02:38]} 16. Nd5 {[%emt 0:03:46]} bxc4 {[%emt 0:05:55]} 17. Nxe7+ {[%emt 0:00:06]} Qxe7 {[%emt 0:00:03]} 18. Qxa5 {[%emt 0:00:07]} cxb3 {[%emt 0:00:14]} 19. axb3 {[%emt 0:00:51]} Bb2 {[%emt 0:11:59]} 20. Rb1 {[%emt 0:18:54]} Rxc2 {[%emt 0:03:20]} 21. Bd3 {[%emt 0:00:06]} Rfc8 {[%emt 0:00:29]} 22. Bxc2 {[%emt 0:00:08]} Rxc2 {[%emt 0:00:06]} 23. Rxb2 {[%emt 0:01:27]} Rxb2 {[%emt 0:00:43]} 24. Qc3 {[%emt 0:00:08]} Ra2 {[%emt 0:02:08]} 25. Bh6 {[%emt 0:01:14]} Nf6 {[%emt 0:20:18]} 26. e5 {[%emt 0:03:20]} dxe5 {[%emt 0:00:58]} 27. Qb4 {[%emt 0:01:27]} Qe8 {[%emt 0:15:37]} 28. Qxb7 {[%emt 0:00:27]} e4 {[%emt 0:06:29]} 29. Qb6 {[%emt 0:03:10]} Qe5 {[%emt 0:02:53]} 30. Qd6 {[%emt 0:02:06]} Qxd6 {[%emt 0:09:02]} 31. Rxd6 {[%emt 0:00:07]} e3 {[%emt 0:01:58]} 32. Rd8+ {[%emt 0:00:07]} 1-0

[Event "DFMMLV 2017"]
[Site "Braunfels"]
[Date "2017.06.17"]
[Round "4"]
[White "Mao, Yvonne"]
[Black "Schmidt, Jade"]
[Result "*"]
[WhiteElo "1863"]
[BlackElo "2058"]
[Annotator "NA RC"]
[PlyCount "27"]
[EventDate "2017.??.??"]
[EventType "team-tourn"]
[EventCountry "GER"]
[SourceTitle "playchess.com"]
[Source "ChessBase"]
[SourceQuality "1"]
[TimeControl "40/5400+30:1800+30"]

{[%evp 11,23,53,79,78,66,75,86,32767,81,73,74,70,98,86]} 1. e4 {[%emt 0:01:53]} c5 {[%emt 0:00:23]} 2. Nf3 {[%emt 0:00:32]} a6 {[%emt 0:00:04]} 3. c4 {[%emt 0:00:33]} b6 {[%emt 0:00:15]} 4. d4 {[%emt 0:02:12]} cxd4 {[%emt 0:00:05]} 5. Nxd4 {[%emt 0:00:04]} Bb7 {[%emt 0:00:06]} 6. Nc3 {[%emt 0:00:19]} g6 {[%emt 0:00:45]} 7. Be3 {[%emt 0:00:47]} Bg7 {[%emt 0:00:06]} 8. Be2 {[%emt 0:01:16]} Nc6 {[%emt 0:01:37]} 9. Qd2 {[%emt 0:01:34]} d6 {[%emt 0:08:53]} 10. O-O {[%emt 0:01:47]} Nf6 {[%emt 0:02:16]} 11. f3 {[%emt 0:00:24]} O-O {[%emt 0:00:36]} 12. Nc2 $16 {[%emt 0:01:56]} Rc8 {[%emt 0:02:10]} 13. Rac1 {[%emt 0:02:11]} Nd7 {[%emt 0:00:53]} 14. Rfd1 {[%emt 0:12:58]} *

[Event "DFMMLV 2017"]
[Site "Braunfels"]
[Date "2017.06.17"]
[Round "4"]
[White "Liez, Franziska"]
[Black "Damrich, Alina"]
[Result "1-0"]
[WhiteElo "1844"]
[BlackElo "1744"]
[Annotator "NA"]
[PlyCount "63"]
[EventDate "2017.??.??"]
[EventType "team-tourn"]
[EventCountry "GER"]
[SourceTitle "playchess.com"]
[Source "ChessBase"]
[SourceQuality "1"]
[TimeControl "40/5400+30:1800+30"]

1. e4 {[%emt 0:00:00]} g6 {[%emt 0:00:06]} 2. d4 {[%emt 0:00:03]} d6 {[%emt 0:00:07]} 3. Nc3 {[%emt 0:00:37]} Bg7 {[%emt 0:00:33]} 4. Be3 {[%emt 0:01:46]} Nf6 {[%emt 0:01:28]} 5. f3 {[%emt 0:01:50]} c6 {[%emt 0:02:36]} 6. Qd2 {[%emt 0:01:43] LiveBook: 463 Games} O-O {[%emt 0:02:18]} 7. O-O-O {[%emt 0:00:44]} b5 {[%emt 0:05:06]} 8. Bh6 {[%emt 0:07:36]} a5 {[%emt 0:05:00] [#]} (8... Qa5 $14) 9. Bxg7 {[%emt 0:02:05]} (9. h4 $1 $16) 9... Kxg7 {[%emt 0:00:32]} 10. g4 {[%emt 0:01:57] B07: Pirc Defence: Miscellaneous Systems} b4 $146 {[%emt 0:06:23]} ({Predecessor:} 10... a4 11. Nb1 Qa5 12. Qxa5 Rxa5 13. a3 c5 14. d5 b4 15. h4 h5 16. g5 Ne8 17. c3 bxa3 18. Nxa3 {0-1 (59) Jelisavcic,S (2117)-Tasic,V (2241) Vrnjacka Banja 2008}) 11. Na4 {[%emt 0:02:04]} Ba6 {[%emt 0:02:46]} 12. Bxa6 {[%emt 0:03:23]} Nxa6 {[%emt 0:01:12]} 13. h4 {[%emt 0:02:47]} h5 {[%emt 0:11:18]} 14. gxh5 {[%emt 0:06:19]} Nxh5 {[%emt 0:00:13]} 15. Ne2 {[%emt 0:00:28]} e5 {[%emt 0:05:50]} 16. Qe3 {[%emt 0:05:05]} Qe7 {[%emt 0:09:32]} 17. Rdg1 {[%emt 0:03:46]} c5 {[%emt 0:06:05]} 18. dxe5 {[%emt 0:04:07]} dxe5 {[%emt 0:01:10]} 19. Ng3 {[%emt 0:04:07]} Nxg3 {[%emt 0:04:46]} 20. Rxg3 {[%emt 0:01:02]} Rh8 $16 {[%emt 0:03:52]} 21. h5 {[%emt 0:08:22]} Rh7 {[%emt 0:05:38]} 22. Rgh3 {[%emt 0:05:34]} Rah8 {[%emt 0:01:30]} 23. h6+ {[%emt 0:02:50]} Kf8 {[%emt 0:08:55]} 24. Nb6 {[%emt 0:01:12]} f6 {[%emt 0:05:07]} 25. Nd5 {[%emt 0:02:00]} Qe6 {[%emt 0:01:09]} 26. f4 {[%emt 0:04:30]} c4 {[%emt 0:03:55]} 27. fxe5 {[%emt 0:03:30]} fxe5 {[%emt 0:00:08]} 28. Rf1+ {[%emt 0:03:39]} Rf7 {[%emt 0:01:44]} 29. Rxf7+ {[%emt 0:01:07]} Kxf7 {[%emt 0:00:11]} 30. Rf3+ {[%emt 0:03:57]} Kg8 {[%emt 0:03:14]} 31. Rf6 {[%emt 0:00:16]} Qe8 {[%emt 0:01:03]} 32. Rxa6 {[%emt 0:00:29]} 1-0

[Event "DFMMLV 2017"]
[Site "Braunfels"]
[Date "2017.06.17"]
[Round "4"]
[White "Hielscher, Ursula"]
[Black "Bakalarz, Grazyna"]
[Result "1/2-1/2"]
[WhiteElo "1835"]
[BlackElo "1946"]
[Annotator "NA RC"]
[PlyCount "132"]
[EventDate "2017.??.??"]
[EventType "team-tourn"]
[EventCountry "GER"]
[SourceTitle "playchess.com"]
[Source "ChessBase"]
[SourceQuality "1"]
[TimeControl "40/5400+30:1800+30"]

{[%evp 11,131,-2,12,0,32767,32767,32767,32767,-29,-51,-27,32767,32767,32767,32767,32767,32767,32767,32767,32767,32767,32767,32767,32767,32767,32767,-2,-5,32767,-2,0,0,32767,-10,32767,32767,290,320,32767,32767,32767,32767,32767,32767,32767,32767,32767,32767,32767,32767,32767,338,32767,32767,32767,32767,32767,442,32767,32767,520,575,513,875,32767,12839,487,32767,32767,32767,549,12842,684,858,631,32767,12842,1402,12845,32767,32767,32767,32767,4614,32767,908,12848,12843,12846,5391,848,12846,1751,12818,5081,4627,12843,2502,12843,12843,1836,5927,12845,12846,1775,1460,12846,12839,32767,172,32767,32767,32767,125,32767,210,0,160,210,0,168,0]} 1. d4 {[%emt 0:00:00]} Nf6 {[%emt 0:00:04]} 2. c4 {[%emt 0:00:00]} g6 {[%emt 0:00:04]} 3. Nc3 {[%emt 0:00:00]} d5 4. e3 {[%emt 0:00:20]} Bg7 {[%emt 0:00:33]} 5. Nf3 {[%emt 0:00:23]} O-O {[%emt 0:01:23]} 6. Bd3 {[%emt 0:01:03]} dxc4 {[%emt 0:02:02]} 7. Bxc4 {[%emt 0:00:06]} c5 {[%emt 0:00:26]} 8. O-O {[%emt 0:00:36]} cxd4 {[%emt 0:00:51]} 9. Nxd4 {[%emt 0:03:46]} a6 {[%emt 0:07:36]} 10. h3 {[%emt 0:10:50] D94: Grünfeld: 4 Nf3 Bg7 5 e3} (10. a4 Qc7 11. b3 Nbd7 12. Bb2 Nb6 13. Bd3 Rd8 14. Rc1 e5 15. Nf3 Qe7 16. Qc2 Bg4 17. a5 Nbd5 18. Nxd5 Rxd5 {½-½ (27) Reinderman,D (2584)-Ernst,S (2535) Amsterdam 2016}) 10... Qc7 {[%emt 0:03:14]} 11. Bb3 {[%emt 0:07:35]} e5 {[%emt 0:03:02]} 12. Nf3 {[%emt 0:04:06]} Nc6 {[%emt 0:08:03]} 13. e4 $146 {[%emt 0:06:47]} ({Predecessor:} 13. Qe2 b5 14. Rd1 Bb7 15. Nd5 Nxd5 16. Bxd5 Nb4 17. Bxb7 Qxb7 {1-0 (49) Ruiz Ruiz,V (2035)-Bartucevic Sanchez,D (2083) Santiago de Chile 2007}) 13... Rd8 {[%emt 0:05:57]} 14. Qe2 {[%emt 0:02:47]} Nd4 {[%emt 0:09:18]} 15. Nxd4 {[%emt 0:00:29]} exd4 {[%emt 0:00:23]} 16. Nd5 {[%emt 0:01:27]} Nxd5 {[%emt 0:02:35]} 17. Bxd5 {[%emt 0:00:45]} Bd7 {[%emt 0:07:40]} 18. Bg5 {[%emt 0:02:14]} Re8 {[%emt 0:06:45]} 19. Rac1 {[%emt 0:02:11]} Qa5 {[%emt 0:07:50]} 20. Qf3 {[%emt 0:05:37]} Be6 {[%emt 0:01:11]} 21. b4 {[%emt 0:05:00]} Qxb4 {[%emt 0:01:49]} 22. Rb1 {[%emt 0:05:42]} Qa5 {[%emt 0:01:07]} 23. Rxb7 {[%emt 0:00:50]} Bxd5 $2 {[%emt 0:01:30]} (23... Rab8 $16 {is a better defense.} 24. Rxf7 Bxd5 25. exd5 Qb6) 24. exd5 {[%emt 0:00:24]} f5 {[%emt 0:11:30]} 25. d6 {[%emt 0:04:21]} Qe5 {[%emt 0:11:53]} 26. Qb3+ {[%emt 0:05:09]} Kh8 {[%emt 0:01:38]} 27. d7 {[%emt 0:03:10]} Rf8 {[%emt 0:00:42]} 28. d8=Q {[%emt 0:08:02]} Raxd8 {[%emt 0:00:02]} 29. Bxd8 {[%emt 0:00:10]} Rxd8 {[%emt 0:00:04]} 30. Rb1 {[%emt 0:01:29]} h5 {[%emt 0:04:04]} 31. Rb8 {[%emt 0:00:40]} Rxb8 {[%emt 0:00:45]} 32. Qxb8+ {[%emt 0:00:06]} Kh7 {[%emt 0:00:14]} 33. Qxe5 {[%emt 0:01:21]} Bxe5 {[%emt 0:00:01]} 34. Kf1 {[%emt 0:01:37]} Kh6 {[%emt 0:01:48]} 35. Rb6 {[%emt 0:01:32]} d3 {[%emt 0:00:51]} 36. Rxa6 {[%emt 0:00:46]} Kg5 {[%emt 0:00:24]} 37. g3 {[%emt 0:02:36]} f4 {[%emt 0:00:39]} 38. Ra5 {[%emt 0:01:04]} Kf6 {[%emt 0:00:02]} 39. Rd5 {[%emt 0:01:57]} fxg3 {[%emt 0:00:44]} 40. fxg3 {[%emt 0:00:15]} Bxg3 {[%emt 0:30:25]} 41. Rxd3 {[%emt 0:30:10]} Bc7 {[%emt 0:01:14]} 42. a4 {[%emt 0:01:35]} Ke6 {[%emt 0:00:00]} 43. Ke2 {[%emt 0:00:00]} g5 {[%emt 0:00:00]} 44. Kf3 {[%emt 0:00:00]} Ba5 {[%emt 0:00:00]} 45. Rb3 {[%emt 0:00:00]} Bd2 {[%emt 0:00:00]} 46. Rb5 {[%emt 0:00:00]} Kd6 {[%emt 0:00:00]} 47. Ke4 {[%emt 0:00:00]} Kc6 {[%emt 0:00:00]} 48. Rd5 {[%emt 0:00:00]} Bc1 {[%emt 0:00:00]} 49. a5 {[%emt 0:00:00]} Bf4 {[%emt 0:00:00]} 50. Rf5 {[%emt 0:00:00]} Bd2 {[%emt 0:00:00]} 51. Kd3 {[%emt 0:00:00]} Bc1 {[%emt 0:00:00]} 52. Kc4 {[%emt 0:00:00]} Bd2 {[%emt 0:00:00]} 53. Rf6+ {[%emt 0:00:00]} Kb7 {[%emt 0:00:00]} 54. Kb5 {[%emt 0:00:00]} (54. a6+ $142 Ka7 55. Kb5) 54... Be3 {[%emt 0:00:00]} 55. Rf7+ {[%emt 0:00:00]} Kb8 {[%emt 0:00:00]} 56. Kc6 {[%emt 0:00:00]} Bd2 {[%emt 0:00:00]} 57. a6 {[%emt 0:00:00]} Be3 {[%emt 0:00:00]} 58. Re7 {[%emt 0:00:00]} Bf2 {[%emt 0:00:00]} 59. Re5 {[%emt 0:00:00]} g4 {[%emt 0:00:00]} 60. Rxh5 $2 {[%emt 0:00:00]} (60. Rb5+ Ka8 61. Rxh5 gxh3 62. Rh8+ Ka7 63. Rxh3) 60... gxh3 {[%emt 0:00:00]} 61. Rxh3 {[%emt 0:00:00]} Bg1 {[%emt 0:00:00]} 62. Rb3+ {[%emt 0:02:00]} Ka7 {[%emt 0:00:00]} 63. Rb7+ {[%emt 0:01:14]} Ka8 {[%emt 0:00:00]} 64. Rg7 {[%emt 0:01:01]} Bf2 {[%emt 0:00:00]} 65. Kb5 {[%emt 0:02:40]} Bd4 $18 {[%emt 0:00:00]} 66. Rd7 {[%emt 0:03:02]} Bf2 {[%emt 0:00:00]} 1/2-1/2

[Event "DFMMLV 2017"]
[Site "Braunfels"]
[Date "2017.06.17"]
[Round "4"]
[White "Hartmann, Cora"]
[Black "Rempel, Yana"]
[Result "0-1"]
[WhiteElo "1788"]
[BlackElo "2059"]
[Annotator "NA RC"]
[PlyCount "74"]
[EventDate "2017.??.??"]
[EventType "team-tourn"]
[EventCountry "GER"]
[SourceTitle "playchess.com"]
[Source "ChessBase"]
[SourceQuality "1"]
[TimeControl "40/5400+30:1800+30"]

1. e4 {[%emt 0:00:00]} c5 {[%emt 0:00:34]} 2. Nf3 {[%emt 0:00:00]} g6 {[%emt 0:00:05]} 3. d3 {[%emt 0:00:00]} Bg7 {[%emt 0:00:22]} 4. g3 {[%emt 0:00:00]} Nc6 {[%emt 0:00:49]} 5. Bg2 {[%emt 0:00:00]} e6 {[%emt 0:00:48]} 6. O-O {[%emt 0:00:10]} Nge7 {[%emt 0:00:17]} 7. Nbd2 {[%emt 0:00:38]} O-O {[%emt 0:00:48]} 8. Re1 {[%emt 0:00:32]} d6 {[%emt 0:04:50]} 9. Nf1 {[%emt 0:01:37]} e5 {[%emt 0:04:54] A04: Unusual lines after 1 Nf3 and King's Indian Attack} 10. h4 {[%emt 0:09:26] LiveBook: 4 Games} f5 {[%emt 0:11:08]} 11. c3 {[%emt 0:15:36]} h6 {[%emt 0:06:09]} 12. N3h2 {[%emt 0:06:51]} Qe8 $146 {[%emt 0:04:19]} ({Predecessor:} 12... f4 13. Bf3 Bd7 14. Bg4 Be8 15. Nf3 Kh8 16. N1h2 d5 17. Qe2 fxg3 18. fxg3 {0-1 (30) Ivanov,A (2481)-Motylev,A (2705) Dagomys 2010}) 13. Ne3 {[%emt 0:07:14]} Qf7 {[%emt 0:06:07]} 14. Rf1 {[%emt 0:02:52]} f4 {[%emt 0:10:59]} 15. Nc4 {[%emt 0:03:42]} Qe6 {[%emt 0:01:06]} 16. h5 {[%emt 0:11:11]} b5 {[%emt 0:01:53]} 17. Nd2 {[%emt 0:00:48]} Bd7 {[%emt 0:07:44]} 18. g4 {[%emt 0:02:59]} (18. Kh1 $15) 18... Qf7 {[%emt 0:07:02]} 19. Bf3 {[%emt 0:03:31]} Nd8 {[%emt 0:01:06]} 20. c4 {[%emt 0:08:33]} Ne6 {[%emt 0:01:22]} 21. cxb5 {[%emt 0:02:43]} Bxb5 {[%emt 0:00:11]} 22. Nc4 {[%emt 0:01:09]} Rad8 {[%emt 0:00:09]} 23. Bd2 {[%emt 0:03:13]} Nd4 {[%emt 0:01:37]} 24. b3 {[%emt 0:01:18]} Qf6 {[%emt 0:09:31]} 25. Bc3 {[%emt 0:03:17]} Nxf3+ {[%emt 0:01:09]} 26. Nxf3 {[%emt 0:01:57]} Bd7 {[%emt 0:02:06]} 27. Nh2 {[%emt 0:01:17]} gxh5 {[%emt 0:01:54]} 28. gxh5 {[%emt 0:00:12]} f3 {[%emt 0:02:28]} 29. Kh1 {[%emt 0:03:42]} Bh3 {[%emt 0:00:59]} 30. Rg1 {[%emt 0:00:45]} Qh4 {[%emt 0:03:45]} 31. Qd2 {[%emt 0:00:40]} Qxh5 {[%emt 0:00:50]} 32. Rg3 {[%emt 0:00:37]} Bg2+ {[%emt 0:00:41]} 33. Kg1 {[%emt 0:00:31]} Ng6 {[%emt 0:02:12]} 34. Ne3 {[%emt 0:00:13]} Nf4 {[%emt 0:01:28]} 35. Nxg2 {[%emt 0:00:19]} Ne2+ {[%emt 0:00:18]} ({Don't take} 35... Nxg2 36. Rf1 $17) 36. Kf1 {[%emt 0:00:57]} Nxg3+ {[%emt 0:01:16]} 37. fxg3 {[%emt 0:00:20]} Qxh2 $19 {[%emt 0:00:20]} 0-1

[Event "DFMMLV 2017"]
[Site "Braunfels"]
[Date "2017.06.17"]
[Round "4"]
[White "Antczak, Lena"]
[Black "Lukas, Anne"]
[Result "0-1"]
[WhiteElo "1754"]
[BlackElo "1870"]
[Annotator "NA"]
[PlyCount "66"]
[EventDate "2017.??.??"]
[EventType "team-tourn"]
[EventCountry "GER"]
[SourceTitle "playchess.com"]
[Source "ChessBase"]
[SourceQuality "1"]
[TimeControl "40/5400+30:1800+30"]

1. e4 {[%emt 0:00:00]} c5 {[%emt 0:00:09]} 2. Nc3 {[%emt 0:00:00]} Nc6 {[%emt 0:00:08]} 3. f4 {[%emt 0:00:00]} g6 {[%emt 0:00:04]} 4. Nf3 {[%emt 0:00:00]} Bg7 {[%emt 0:00:04]} 5. g3 {[%emt 0:00:00]} d6 {[%emt 0:00:04]} 6. Bg2 {[%emt 0:00:00]} e6 {[%emt 0:00:04]} 7. d3 {[%emt 0:00:03]} Nge7 {[%emt 0:00:04]} 8. O-O {[%emt 0:00:07]} O-O {[%emt 0:00:03]} 9. Ne2 {[%emt 0:00:16]} d5 {[%emt 0:00:23] B25: Closed Sicilian: 3 g3, lines without early Be3} (9... b6 10. c3 Ba6 11. Rb1 Qd7 12. b4 Nd8 13. Be3 Rc8 14. a4 f5 15. b5 Bb7 16. Nd2 Nf7 17. Qb3 fxe4 18. dxe4 d5 {½-½ (55) Cori Tello,J (2549)-Hamitevici,V (2467) Tromsoe 2014}) 10. e5 d4 {[%emt 0:01:59]} 11. g4 {[%emt 0:01:03]} Rb8 $146 {[%emt 0:01:20]} ({Predecessor:} 11... f6 12. exf6 Bxf6 13. Ng3 Nd5 14. Qe2 Qc7 15. Ng5 Bxg5 16. fxg5 Rxf1+ 17. Qxf1 {½-½ (66) Kaulfuss,H (2214)-Rapoport,V (2271) Germany 2008}) 12. Ng3 {[%emt 0:04:16]} Qc7 {[%emt 0:07:00]} 13. Ne4 {[%emt 0:11:10]} Nd5 14. Qe1 f6 {[%emt 0:06:46]} 15. exf6 {[%emt 0:01:13]} Nxf6 {[%emt 0:03:29]} 16. Nxc5 {[%emt 0:13:17]} Qe7 {[%emt 0:07:35]} 17. Nb3 {[%emt 0:20:11]} Nxg4 {[%emt 0:03:56]} 18. Qh4 {[%emt 0:00:33]} Qxh4 {[%emt 0:00:17]} 19. Nxh4 {[%emt 0:07:51] [#]} Nb4 $1 {[%emt 0:05:43]} 20. h3 {[%emt 0:01:38]} Ne3 {[%emt 0:00:05]} 21. Bxe3 {[%emt 0:09:21]} dxe3 22. Nf3 $19 {[%emt 0:00:30]} (22. Rae1 $142) 22... Bxb2 {[%emt 0:09:38]} 23. Rab1 {[%emt 0:00:30]} Bc3 {[%emt 0:00:31]} 24. Nbd4 {[%emt 0:02:00]} Nd5 {[%emt 0:08:34]} 25. Ne2 {[%emt 0:07:25]} Bg7 {[%emt 0:05:23]} 26. Ng5 {[%emt 0:05:32]} Nc3 27. Rbe1 Nxa2 {[%emt 0:04:41]} 28. Ne4 {[%emt 0:01:57]} Nb4 {[%emt 0:01:09]} 29. Rc1 {[%emt 0:01:32]} a5 {[%emt 0:04:44]} 30. c3 {[%emt 0:02:26]} Nxd3 {[%emt 0:05:13]} 31. Ra1 {[%emt 0:00:14]} b6 {[%emt 0:00:39]} 32. Rf3 {[%emt 0:00:33]} e5 {[%emt 0:01:16]} 33. Rxe3 {[%emt 0:04:06]} Nxf4 {[%emt 0:00:13]} 0-1

[Event "DFMMLV 2017"]
[Site "Braunfels"]
[Date "2017.06.17"]
[Round "4"]
[White "Landenberger, Anja Kathrin"]
[Black "Zpevakova, Katerina"]
[Result "1-0"]
[WhiteElo "1544"]
[BlackElo "1912"]
[Annotator "NA"]
[PlyCount "61"]
[EventDate "2017.??.??"]
[EventType "team-tourn"]
[EventCountry "GER"]
[SourceTitle "playchess.com"]
[Source "ChessBase"]
[SourceQuality "1"]
[TimeControl "40/5400+30:1800+30"]

1. d4 {[%emt 0:02:02]} Nf6 {[%emt 0:00:11]} 2. Nf3 {[%emt 0:00:17]} g6 {[%emt 0:00:09]} 3. Bf4 {[%emt 0:00:19]} Bg7 {[%emt 0:00:57]} 4. e3 {[%emt 0:01:56]} d6 {[%emt 0:00:32]} (4... c5 $5) 5. h3 {[%emt 0:00:39]} c6 {[%emt 0:00:46]} 6. c3 {[%emt 0:00:23]} O-O {[%emt 0:00:20]} 7. Be2 {[%emt 0:03:24] A48: 1 d4 Nf6 2 Nf3 g6: Torre, London and Colle Systems} Nbd7 {[%emt 0:02:27]} (7... a5 8. a4 h6 9. Qb3 Kh7 10. O-O Na6 11. Nbd2 Nc7 12. c4 Na6 13. c5 Nh5 14. Bh2 dxc5 15. Bxa6 Rxa6 16. dxc5 {0-1 (16) Bouaziz,M (2259)-Petrisor,A (2405) Sliema 2014}) 8. Nbd2 {[%emt 0:01:07]} h6 {[%emt 0:04:34]} 9. O-O {[%emt 0:02:19]} Re8 {[%emt 0:10:52]} 10. Qb3 {[%emt 0:23:37]} Nb6 $146 {[%emt 0:21:55]} ({Black should try Predecessor:} 10... e5 $11 11. dxe5 Nxe5 (11... dxe5 12. Bh2 Nc5 13. Qd1 e4 14. Nd4 Ne6 15. Nxe6 Bxe6 {1-0 (44) Zhelev,M (1768)-Penov,L (2110) Primorsko 2016})) 11. a4 {[%emt 0:11:48]} Nbd5 {[%emt 0:13:58]} 12. Bh2 {[%emt 0:02:36]} Nh7 {[%emt 0:06:43]} 13. e4 {[%emt 0:10:44]} Nc7 {[%emt 0:01:18]} 14. e5 {[%emt 0:14:10]} d5 {[%emt 0:00:50]} 15. Qc2 {[%emt 0:01:26]} Bf5 {[%emt 0:01:28]} 16. Bd3 {[%emt 0:01:54]} Bxd3 {[%emt 0:01:05]} 17. Qxd3 {[%emt 0:00:04]} e6 {[%emt 0:00:33]} 18. Bf4 {[%emt 0:02:57]} Nf8 {[%emt 0:02:38]} 19. Nh2 {[%emt 0:06:11]} g5 {[%emt 0:07:27]} 20. Be3 {[%emt 0:00:28]} Ng6 {[%emt 0:08:42]} 21. f4 {[%emt 0:02:48]} gxf4 {[%emt 0:01:23]} 22. Bxf4 {[%emt 0:00:03]} Nxf4 {[%emt 0:01:26]} 23. Rxf4 {[%emt 0:00:02]} Rf8 {[%emt 0:00:34]} 24. Ng4 {[%emt 0:02:40]} Ne8 {[%emt 0:04:35]} 25. Raf1 {[%emt 0:00:31]} f5 {[%emt 0:01:04]} 26. exf6 {[%emt 0:01:19]} Nxf6 {[%emt 0:00:29]} 27. Qg6 {[%emt 0:00:25]} Nd7 {[%emt 0:03:39]} 28. Nxh6+ {[%emt 0:00:50]} (28. Rf7 $142 Rxf7 29. Nxh6+ Kh8 30. Nxf7+ Kg8 31. Nxd8 Nf6 32. Rxf6 Kh8 {[#]} 33. Rf8+ $1 {[%mdl 512]} Bxf8 34. Nf7#) 28... Kh8 {[%emt 0:00:30]} 29. Nf7+ {[%emt 0:01:09]} Rxf7 {[%emt 0:01:52]} 30. Rxf7 $18 {[%emt 0:00:13]} Qg8 {[%emt 0:00:18]} 31. Qh5+ {[%emt 0:00:08]} 1-0